Fuori dagli schemi : il calcio, la vita. l'amore /

保存先:
書誌詳細
第一著者: Morace, Carolina (著者)
その他の著者: Tarquinio, Alessia (共編者)
フォーマット: 図書
言語:イタリア語
出版事項: Milano : Piemme, 2020
主題:
タグ: タグ追加
タグなし, このレコードへの初めてのタグを付けませんか!

MARC

LEADER 00000nam a22000007i 4500
001 IT\ICCU\PUV\1533840
003 ItRI
005 20260115232111.0
008 201028s2020 it |||||| |||||0|||||c
020 |a 9788856676945 
040 |b ita  |c importazione bologna sebina 
041 7 |a ita  |2 ISO-639-2 
082 |a 796.334092  |9 CALCIO. Persone  |2 23 
100 1 |a Morace, Carolina  |0 IT\ICCU\ISUV\027005  |4 aut 
240 1 0 |a Fuori dagli schemi  |3 IT\ICCU\PUV\1201745  |9 Morace, Carolina 
245 1 0 |a Fuori dagli schemi :  |b il calcio, la vita. l'amore /  |c Carolina Morace ; con Alessia Tarquinio. 
260 |a Milano :  |b Piemme,  |c 2020 
300 |a 139 p. ;  |c 23 cm 
650 7 |a Morace, Carolina  |x Autobiografie  |2 nsbncf 
700 1 |a Tarquinio, Alessia  |0 IT\ICCU\PUVV\465014  |4 clb 
942 |2 ddc  |c BK  |n 0 
952 |0 0  |1 0  |4 0  |6 L_796_334000000000000_MOR  |7 0  |9 20072  |a BO  |b BO  |d 2026-01-15  |i 19442  |l 0  |o L 796.334 MOR  |p BO19442  |r 2026-01-15 23:21:11  |w 2026-01-15  |x [Sebina 5] [1 v.]  |y BK  |z 1 v. 
999 |c 17115  |d 17115